Abhitab / (Record no. 12047)
[ view plain ]
| 000 -LEADER | |
|---|---|
| fixed length control field | 00358cam a2200145ua 4500 |
| 041 ## - LANGUAGE CODE | |
| Language code of text/sound track or separate title | hin |
| 082 ## - DEWEY DECIMAL CLASSIFICATION NUMBER | |
| Classification number | 891.54 |
| Item number | GOV/AB |
| 100 ## - MAIN ENTRY--AUTHOR NAME | |
| Personal name | Govinda Vallab, Pant. |
| 245 ## - TITLE STATEMENT | |
| Title | Abhitab / |
| 260 ## - PUBLICATION, DISTRIBUTION, ETC. (IMPRINT) | |
| Place of publication | : |
| Name of publisher | Ganga Pustakamala Karyalay , |
| Year of publication | 1964. |
| 300 ## - PHYSICAL DESCRIPTION | |
| Number of Pages | 322 ; . |
| 942 ## - ADDED ENTRY ELEMENTS (KOHA) | |
| Koha item type | Books |
| Withdrawn status | Lost status | Damaged status | Home library | Current library | Date acquired | Full call number | Accession Number | Koha item type | Public note |
|---|---|---|---|---|---|---|---|---|---|
| Withdrawn | KAUAET | Sanskrit University | 07/04/2012 | 891.54 | 6469 | Books | Transferred to Sanskrit University |
